00710nam a22002777a 450000500170000000800410001704100080005808200190006610000270008510000260011224500450013825000170018326000130020026000190021326000090023230000180024165000300025965000200028965000170030965000210032665000220034765000160036965000230038594200070040899900170041520180803160839.0180124b xxu||||| |||| 00| 0 spa d aspa a617.695 C886mo aCraig, Robert G945644 aWard, Marcus L945645 aMateriales de odontología restauradora a10 edición aEspaña bHarcourt Brace c1998 a584 páginas aMATERIALES DENTALES93183 aCEMENTOS920571 aCERAS918288 aAMALGAMAS926117 aIMPRESIONES98795 aYESO918289 aPOLÍMEROS919283 cBK c10961d10961